Carregando...
Second sight
| Autor principal: | |
|---|---|
| Formato: | Printed Book |
| Idioma: | English |
| Publicado em: |
Delhi :
OUP ,
c1986.
|
| LEADER | 00456nam a22001457a 4500 | ||
|---|---|---|---|
| 008 | 161123b xxu||||| |||| 00| 0 eng d | ||
| 020 | |a 195618742 | ||
| 082 | |a 823.92 RAM/S | ||
| 100 | |a Ramanujan, A.K. | ||
| 245 | |a Second sight | ||
| 260 | |a Delhi : |b OUP , |c c1986. | ||
| 300 | |b 89p. | ||
| 942 | |c BK | ||
| 999 | |c 194568 |d 194568 | ||
| 952 | |0 0 |1 0 |4 0 |6 823_920000000000000_RAM_S |7 0 |9 214889 |a ENG |b ENG |c ST1 |d 2016-11-23 |i 13690 |l 0 |o 823.92 RAM/S |p ENG13690 |r 2016-11-23 |w 2016-11-23 |y BK | ||